[Event "Asker CC-ch"]
[Site "Asker"]
[Date "2018.03.05"]
[Round "5"]
[White "Mikelsen, Mattis"]
[Black "Nilssen, Stale"]
[Result "0-1"]
[WhiteElo "1886"]
[BlackElo "1593"]
[PlyCount "138"]
[EventDate "2018.01.15"]
[EventType "tourn"]
[EventRounds "9"]
[EventCountry "NOR"]
[SourceTitle "EXT 2019"]
[Source "ChessBase"]
[SourceDate "2018.10.10"]
[SourceVersion "1"]
[SourceVersionDate "2018.10.10"]
[SourceQuality "1"]

1. e4 c6 2. Nc3 d5 3. Nf3 dxe4 4. Nxe4 Bf5 5. Ng3 Bg6 6. h4 f6 7. h5 Bf7 8. d4 Nd7 9. Bd3 Qc7 10. Qe2 e6 11. Bd2 Bd6 12. Nf5 Bf8 13. 0-0-0 0-0-0 14. Ng3 Bd6 15. Ne4 Bf4 16. Kb1 Bxd2 17. Nfxd2 e5 18. Nc4 Nh6 19. Ned6+ Kb8 20. Nxf7 Nxf7 21. Qg4 exd4 22. Qxg7 Ng5 23. Qe7 Rhe8 24. Qd6 Qxd6 25. Nxd6 Re6 26. Nf5 Ne5 27. f4 Nxd3 28. Rxd3 Ne4 29. Rxd4 Rxd4 30. Nxd4 Rd6 31. c3 c5 32. Nf3 Kc7 33. h6 Nf2 34. Rh5 b6 35. a4 a5 36. Nh4 Rd2 37. Ng6 Nd3 38. Nf8 Rxb2+ 39. Ka1 Rxg2 40. Nxh7 Nxf4 41. Rf5 Ne2 42. Kb1 Nxc3+ 43. Kc1 Ne4 44. Nxf6 Nxf6 45. Rxf6 Rh2 46. Rg6 c4 47. Rg7+ Kc6 48. Rg6+ Kc5 49. Rg5+ Kd4 50. Rg6 Kc5 51. Rg5+ Kb4 52. Rb5+ Kxa4 53. Rxb6 Ka3 54. Rc6 Kb3 55. Rb6+ Kc3 56. Kb1 a4 57. Ra6 Kb3 58. Rb6+ Kc3 59. Ra6 Kb4 60. Rb6+ Kc5 61. Ra6 Kb5 62. Rg6 a3 63. Ka1 Kb4 64. Rb6+ Kc3 65. Ra6 Kb4 66. Rb6+ Ka5 67. Rc6 Kb5 68. Rg6 c3 69. Rg3 Kb4 0-1

[Event "Asker CC-ch"]
[Site "Asker"]
[Date "2018.02.26"]
[Round "1"]
[White "Mikelsen, Mattis"]
[Black "Odegaard, Per"]
[Result "0-1"]
[WhiteElo "1886"]
[BlackElo "1947"]
[PlyCount "46"]
[EventDate "2018.01.15"]
[EventType "tourn"]
[EventRounds "9"]
[EventCountry "NOR"]
[SourceTitle "EXT 2019"]
[Source "ChessBase"]
[SourceDate "2018.10.10"]
[SourceVersion "1"]
[SourceVersionDate "2018.10.10"]
[SourceQuality "1"]

1. e4 e5 2. Nf3 Nc6 3. Bc4 Nf6 4. d3 Bc5 5. 0-0 d6 6. c3 Bg4 7. Nbd2 Qd7 8. a4 a5 9. Re1 0-0 10. Nf1 h6 11. h3 Be6 12. Bb5 Qe7 13. Ng3 Nd8 14. d4 exd4 15. Nxd4 c6 16. Bf1 Qc7 17. Ngf5 d5 18. e5 Ne4 19. Qg4 Qxe5 20. Rxe4 dxe4 21. Bf4 Qf6 22. Re1 Bxd4 23. cxd4 Bxf5 0-1

[Event "Asker Autumn Master"]
[Site "Asker"]
[Date "2017.10.23"]
[Round "6"]
[White "Odegaard, Per"]
[Black "Mikelsen, Mattis"]
[Result "1-0"]
[WhiteElo "1927"]
[BlackElo "1770"]
[PlyCount "85"]
[EventDate "2017.08.28"]
[EventType "swiss"]
[EventRounds "9"]
[EventCountry "NOR"]
[SourceTitle "EXT 2024"]
[Source "ChessBase"]
[SourceDate "2023.10.10"]
[SourceVersion "1"]
[SourceVersionDate "2023.10.10"]
[SourceQuality "1"]

1. e4 e5 2. Nf3 Nc6 3. Bc4 Nf6 4. Ng5 d5 5. exd5 b5 6. Bxb5 Qxd5 7. Bxc6+ Qxc6 8. Qf3 e4 9. Qb3 Bc5 10. Qxf7+ Kd8 11. 0-0 Rf8 12. Qb3 h6 13. Nf7+ Ke8 14. Ne5 Qd6 15. Nc4 Qc6 16. Ne3 Be6 17. c4 Bxe3 18. dxe3 Qxc4 19. Qxc4 Bxc4 20. Rd1 Ng4 21. Rd4 Bd3 22. f3 Rd8 23. Rxd8+ Kxd8 24. f4 Rf6 25. h3 Rc6 26. Nc3 Nf6 27. Bd2 Ke7 28. Rc1 Kd6 29. Na4 Rxc1+ 30. Bxc1 Nd5 31. Bd2 c5 32. Kf2 Nb4 33. a3 Nd5 34. g4 Kc6 35. h4 Nf6 36. Kg3 Kd5 37. Bc3 Bc2 38. Bxf6 gxf6 39. Nc3+ Kc4 40. g5 fxg5 41. fxg5 hxg5 42. h5 Kd3 43. h6 1-0

[Event "Oslo op"]
[Site "Fornebu"]
[Date "2017.10.01"]
[Round "4"]
[White "Al Tarbosh, Ward"]
[Black "Mikelsen, Mattis"]
[Result "1-0"]
[WhiteElo "2270"]
[BlackElo "1754"]
[PlyCount "107"]
[EventDate "2017.09.29"]
[EventType "swiss"]
[EventRounds "10"]
[EventCountry "NOR"]
[SourceTitle "CBM 181 Extra"]
[Source "ChessBase"]
[SourceDate "2017.12.12"]
[SourceVersion "1"]
[SourceVersionDate "2017.12.12"]
[SourceQuality "1"]

1. e4 c6 2. Nf3 d5 3. Nc3 Bg4 4. h3 Bxf3 5. Qxf3 e6 6. d3 Nd7 7. Bd2 Qb6 8. 0-0-0 Bd6 9. Qg4 Qxf2 10. Qxg7 Be5 11. Qg4 Ngf6 12. Qf3 Qxf3 13. gxf3 Nh5 14. Ne2 Ng3 15. Nxg3 Bxg3 16. Rg1 Rg8 17. Be2 Nf6 18. Rg2 Kd7 19. Rdg1 Bf2 20. Rxg8 Rxg8 21. Rxg8 Nxg8 22. f4 Ne7 23. c4 c5 24. cxd5 exd5 25. Bg4+ Kc6 26. Kd1 Bd4 27. b3 b6 28. Ke2 Ng6 29. Bf5 Kd6 30. Bc8 Ne7 31. Bg4 Ng6 32. Kf3 b5 33. e5+ Ke7 34. Kg3 c4 35. Bb4+ Ke8 36. dxc4 bxc4 37. bxc4 dxc4 38. Kf3 Bb2 39. Ke4 c3 40. Bd1 Kd7 41. Ba4+ Kc7 42. Bd6+ Kd8 43. Bc5 a6 44. Bd4 Bc1 45. f5 Nf4 46. Bxc3 Nxh3 47. Ba5+ Ke7 48. Bb4+ Kd8 49. Kd5 Nf4+ 50. Kc6 h5 51. Kb7 Nd5 52. Bd6 Bf4 53. Bc6 Ne3 54. f6 1-0

[Event "Oslo op"]
[Site "Fornebu"]
[Date "2017.09.29"]
[Round "1"]
[White "Mikelsen, Mattis"]
[Black "Maksimovic, Branimir"]
[Result "0-1"]
[WhiteElo "1754"]
[BlackElo "2343"]
[PlyCount "54"]
[EventDate "2017.09.29"]
[EventType "swiss"]
[EventRounds "10"]
[EventCountry "NOR"]
[SourceTitle "CBM 181 Extra"]
[Source "ChessBase"]
[SourceDate "2017.12.12"]
[SourceVersion "1"]
[SourceVersionDate "2017.12.12"]
[SourceQuality "1"]

1. e4 c5 2. d4 cxd4 3. c3 d5 4. exd5 Qxd5 5. cxd4 Nc6 6. Nf3 e5 7. Nc3 Bb4 8. dxe5 Qxd1+ 9. Kxd1 Nge7 10. Bf4 Ng6 11. Bg3 Bg4 12. Kc2 0-0 13. Re1 Rac8 14. Bd3 Bxf3 15. gxf3 Nd4+ 16. Kb1 Bxc3 17. bxc3 Rxc3 18. Re3 Rfc8 19. Rd1 R3c6 20. Bxg6 Rb6+ 21. Rb3 Nxb3 22. Bxh7+ Kxh7 23. axb3 Rxb3+ 24. Ka2 Rxf3 25. Rd7 Rc2+ 26. Kb1 Rc6 27. Rxb7 Rb6+ 0-1

[Event "NOR-ch U20"]
[Site "Stavanger"]
[Date "2017.07.04"]
[Round "5"]
[White "Mikelsen, Mattis"]
[Black "Machlik, Edit"]
[Result "0-1"]
[WhiteElo "1764"]
[BlackElo "2084"]
[PlyCount "112"]
[EventDate "2017.07.01"]
[EventType "swiss"]
[EventRounds "9"]
[EventCountry "NOR"]
[SourceTitle "EXT 2018"]
[Source "ChessBase"]
[SourceDate "2017.10.13"]
[SourceVersion "1"]
[SourceVersionDate "2017.10.13"]
[SourceQuality "1"]

1. e4 c6 2. Nc3 d5 3. Nf3 Bg4 4. h3 Bxf3 5. Qxf3 e6 6. d4 dxe4 7. Qxe4 Nf6 8. Qd3 Na6 9. a3 Qa5 10. Rb1 Nd5 11. Bd2 Nxc3 12. Qxc3 Qb6 13. Bc4 Nc7 14. 0-0 Be7 15. Be3 Nd5 16. Bxd5 cxd5 17. f4 g6 18. Qb3 Qxb3 19. cxb3 Kd7 20. Kf2 h6 21. Ke2 f5 22. g4 fxg4 23. hxg4 h5 24. gxh5 Rxh5 25. Rh1 Rah8 26. Rhg1 Rh2+ 27. Kd3 Rg8 28. Rg3 Bd6 29. Rg4 Ke7 30. Bd2 Rh3+ 31. Be3 Kf7 32. Rbg1 Rh2 33. R1g2 Rxg2 34. Rxg2 Rh8 35. Bd2 Rh3+ 36. Kc2 Rh4 37. Kd3 Bxf4 38. Bxf4 Rxf4 39. Ke3 Re4+ 40. Kd3 Rh4 41. Rf2+ Kg7 42. b4 g5 43. Re2 Kf6 44. Rf2+ Kg6 45. Rf8 Rh3+ 46. Kc2 g4 47. Kd2 Rb3 48. Rg8+ Kf5 49. Kc2 Rf3 50. Rg7 g3 51. Rxb7 g2 52. Rg7 Rf2+ 53. Kd3 Rxb2 54. Ke3 Kf6 55. Rg4 Kf5 56. Rg7 Rb1 0-1

[Event "NOR-ch U20"]
[Site "Stavanger"]
[Date "2017.07.02"]
[Round "2"]
[White "Mikelsen, Mattis"]
[Black "Jarve, Edvin"]
[Result "1/2-1/2"]
[WhiteElo "1764"]
[BlackElo "1843"]
[PlyCount "105"]
[EventDate "2017.07.01"]
[EventType "swiss"]
[EventRounds "9"]
[EventCountry "NOR"]
[SourceTitle "EXT 2018"]
[Source "ChessBase"]
[SourceDate "2017.10.13"]
[SourceVersion "1"]
[SourceVersionDate "2017.10.13"]
[SourceQuality "1"]

1. e4 e6 2. d4 d5 3. Nc3 Nf6 4. Bg5 dxe4 5. Nxe4 Be7 6. Nxf6+ Bxf6 7. Bxf6 Qxf6 8. Nf3 0-0 9. Bd3 c5 10. Qe2 cxd4 11. Qe4 g6 12. Qxd4 e5 13. Qc3 Nc6 14. 0-0 Bf5 15. Rfe1 Bxd3 16. Qxd3 Rfe8 17. c3 Rad8 18. Qc2 Qg7 19. Rad1 f5 20. Qb3+ Qf7 21. Qxf7+ Kxf7 22. Kf1 e4 23. Nd4 Nxd4 24. cxd4 Ke6 25. Rc1 Rc8 26. Ke2 Kd5 27. Ke3 g5 28. g3 Rf8 29. f4 g4 30. h3 gxh3 31. Rxc8 Rxc8 32. Rh1 Rg8 33. Rxh3 Rg7 34. g4 Rxg4 35. Rxh7 Rg3+ 36. Kf2 Rf3+ 37. Ke2 Rg3 38. Rxb7 Kxd4 39. Rd7+ Kc5 40. Rxa7 Rg2+ 41. Ke3 Rxb2 42. Rf7 Rxa2 43. Rxf5+ Kd6 44. Re5 Ra4 45. Rxe4 Rxe4+ 46. Kxe4 Ke6 47. f5+ Kf7 48. Kf4 Kf6 49. Ke4 Kf7 50. Ke5 Ke7 51. f6+ Kf7 52. Kf5 Kf8 53. Ke6 1/2-1/2

[Event "Asker CC-ch Class A"]
[Site "Asker"]
[Date "2017.04.03"]
[Round "8"]
[White "Rostad, Rolf"]
[Black "Mikelsen, Mattis"]
[Result "1/2-1/2"]
[WhiteElo "1777"]
[BlackElo "1706"]
[PlyCount "118"]
[EventDate "2017.01.09"]
[EventType "swiss"]
[EventRounds "9"]
[EventCountry "NOR"]
[SourceTitle "EXT 2024"]
[Source "ChessBase"]
[SourceDate "2023.10.10"]
[SourceVersion "1"]
[SourceVersionDate "2023.10.10"]
[SourceQuality "1"]

1. e4 e5 2. Nf3 Nc6 3. Bb5 a6 4. Ba4 Nf6 5. 0-0 Nxe4 6. Re1 Nd6 7. Nxe5 Be7 8. d4 0-0 9. Nc3 Nxe5 10. dxe5 Nf5 11. Bf4 d6 12. exd6 Bxd6 13. Qd2 b5 14. Bb3 Bb7 15. Bxd6 Nxd6 16. Qf4 Re8 17. Rad1 Qd7 18. f3 Rxe1+ 19. Rxe1 h6 20. Rd1 Qe7 21. Bd5 Bxd5 22. Nxd5 Qe2 23. Qd2 Qxd2 24. Rxd2 Nc4 25. Nxc7 Rc8 26. Rd7 Nb6 27. Rd6 Rxc7 28. Rxb6 Rxc2 29. Rxa6 Rxb2 30. Ra3 f5 31. Rb3 Rxb3 32. axb3 Kf7 33. Kf2 f4 34. g3 fxg3+ 35. Kxg3 Ke6 36. Kf4 Kd5 37. Ke3 g5 38. Kd3 h5 39. Ke3 Kc5 40. Kd3 Kb4 41. Kc2 g4 42. fxg4 hxg4 43. Kb2 Kc5 44. Kc3 b4+ 45. Kd3 Kd5 46. Ke3 Ke5 47. Kd3 Kf4 48. Kd4 Kf3 49. Ke5 Ke3 50. Kf5 Kd4 51. Kxg4 Kc3 52. h4 Kxb3 53. h5 Ka2 54. h6 b3 55. h7 b2 56. h8Q b1Q 57. Qa8+ Kb2 58. Qb8+ Ka1 59. Qxb1+ Kxb1 1/2-1/2

[Event "Asker CC-ch Class A"]
[Site "Asker"]
[Date "2017.01.09"]
[Round "1"]
[White "Lovberget, Erik"]
[Black "Mikelsen, Mattis"]
[Result "0-1"]
[WhiteElo "1469"]
[BlackElo "1706"]
[PlyCount "74"]
[EventDate "2017.01.09"]
[EventType "swiss"]
[EventRounds "9"]
[EventCountry "NOR"]
[SourceTitle "EXT 2024"]
[Source "ChessBase"]
[SourceDate "2023.10.10"]
[SourceVersion "1"]
[SourceVersionDate "2023.10.10"]
[SourceQuality "1"]

1. e4 e5 2. Nf3 Nc6 3. Bb5 a6 4. Ba4 Nf6 5. d3 d6 6. h3 Be7 7. 0-0 0-0 8. c3 Bd7 9. Re1 Re8 10. Nbd2 Bf8 11. Nf1 h6 12. Ng3 g6 13. b4 b5 14. Bb3 Qe7 15. Bd2 Bg7 16. Qc2 Rac8 17. a4 Nd8 18. Be3 c5 19. axb5 cxb4 20. bxa6 Rxc3 21. a7 Rxc2 22. a8Q Rc8 23. Qa2 Nc6 24. d4 Qf8 25. dxe5 Nxe5 26. Nh4 Be6 27. f4 Nd3 28. Red1 Bxb3 29. Qxb3 Rc3 30. Qb1 Nd7 31. Ra7 N7c5 32. Nf1 Rb3 33. Qa2 Rb2 34. Qd5 Bf6 35. Bd4 Bxd4+ 36. Qxd4 Rxe4 37. Qd5 Nxf4 0-1

[Event "Asker Autumn A"]
[Site "Asker"]
[Date "2016.11.14"]
[Round "7"]
[White "Enersen, Eirik S"]
[Black "Mikelsen, Mattis"]
[Result "1/2-1/2"]
[WhiteElo "1775"]
[BlackElo "1520"]
[PlyCount "66"]
[EventDate "2016.08.29"]
[EventType "swiss"]
[EventRounds "9"]
[EventCountry "NOR"]
[SourceTitle "EXT 2024"]
[Source "ChessBase"]
[SourceDate "2023.10.10"]
[SourceVersion "1"]
[SourceVersionDate "2023.10.10"]
[SourceQuality "1"]

1. e4 e5 2. Nf3 Nc6 3. Nc3 Nf6 4. Bb5 Bb4 5. 0-0 0-0 6. d3 Bxc3 7. bxc3 d6 8. Bg5 Bd7 9. Rb1 a6 10. Ba4 b5 11. Bb3 Qe7 12. Re1 Nd8 13. d4 Bg4 14. h3 Bh5 15. g4 Bg6 16. Nh4 Ne6 17. Nxg6 hxg6 18. Bxe6 Qxe6 19. d5 Qd7 20. Bxf6 gxf6 21. Re3 Kg7 22. Qd3 c5 23. c4 Rfb8 24. Rb3 b4 25. c3 a5 26. Qb1 Qc8 27. Qd3 Qa6 28. Re2 Qc8 29. Re1 Ra6 30. Reb1 Rab6 31. a3 Qa6 32. a4 Qc8 33. Qc2 Qa6 1/2-1/2

[Event "Asker Autumn A"]
[Site "Asker"]
[Date "2016.10.31"]
[Round "6"]
[White "Mikelsen, Mattis"]
[Black "Nydal, Roar"]
[Result "1/2-1/2"]
[WhiteElo "1520"]
[BlackElo "1558"]
[PlyCount "73"]
[EventDate "2016.08.29"]
[EventType "swiss"]
[EventRounds "9"]
[EventCountry "NOR"]
[SourceTitle "EXT 2024"]
[Source "ChessBase"]
[SourceDate "2023.10.10"]
[SourceVersion "1"]
[SourceVersionDate "2023.10.10"]
[SourceQuality "1"]

1. e4 c5 2. d4 cxd4 3. c3 e6 4. cxd4 d5 5. e5 Ne7 6. f4 Nf5 7. Nf3 Be7 8. g3 Nc6 9. Bh3 Qa5+ 10. Nc3 Bb4 11. Bxf5 Bxc3+ 12. bxc3 exf5 13. Qb3 0-0 14. Ba3 Rd8 15. 0-0 b5 16. Bd6 Be6 17. Qb2 Rd7 18. Nd2 a6 19. Nb3 Qd8 20. Nc5 Rda7 21. Qe2 Na5 22. Nb3 Nc4 23. Bc5 Rb7 24. Nd2 f6 25. Nxc4 bxc4 26. Rab1 Rab8 27. Rxb7 Rxb7 28. exf6 Qxf6 29. Re1 Kf7 30. Qh5+ Qg6 31. Qxg6+ hxg6 32. Kf2 Rb2+ 33. Re2 Rxe2+ 34. Kxe2 Kf6 35. Bd6 Bd7 36. h3 Ba4 37. Be5+ 1/2-1/2

[Event "Oslo op"]
[Site "Fornebu"]
[Date "2016.09.30"]
[Round "5"]
[White "Mikelsen, Mattis"]
[Black "Nass, Sara"]
[Result "1-0"]
[WhiteElo "1520"]
[BlackElo "1784"]
[PlyCount "25"]
[EventDate "2016.09.30"]
[EventType "swiss"]
[EventRounds "9"]
[EventCountry "NOR"]
[SourceTitle "EXT 2018"]
[Source "ChessBase"]
[SourceDate "2017.10.13"]
[SourceVersion "1"]
[SourceVersionDate "2017.10.13"]
[SourceQuality "1"]

1. e4 c5 2. d4 cxd4 3. c3 dxc3 4. Nxc3 Nc6 5. Nf3 d6 6. Bc4 Nf6 7. e5 d5 8. Bb5 Ne4 9. Qxd5 Nxc3 10. Bxc6+ Bd7 11. Bxd7+ Qxd7 12. Qxd7+ Kxd7 13. bxc3 1-0

[Event "Asker Autumn A"]
[Site "Asker"]
[Date "2016.09.26"]
[Round "4"]
[White "Mikelsen, Mattis"]
[Black "Nilssen, Stale"]
[Result "1-0"]
[WhiteElo "1520"]
[BlackElo "1558"]
[PlyCount "65"]
[EventDate "2016.08.29"]
[EventType "swiss"]
[EventRounds "9"]
[EventCountry "NOR"]
[SourceTitle "EXT 2024"]
[Source "ChessBase"]
[SourceDate "2023.10.10"]
[SourceVersion "1"]
[SourceVersionDate "2023.10.10"]
[SourceQuality "1"]

1. e4 c6 2. Nc3 d5 3. Nf3 dxe4 4. Nxe4 Nf6 5. Nxf6+ gxf6 6. d4 Bf5 7. Bd3 Bxd3 8. Qxd3 Nd7 9. 0-0 Bg7 10. Re1 0-0 11. Bf4 e6 12. a4 c5 13. Bd6 Re8 14. dxc5 Rc8 15. Qb5 e5 16. Nh4 Bf8 17. Rad1 Bxd6 18. Rxd6 Rc7 19. Red1 a6 20. Rxd7 axb5 21. Rxd8 Kf8 22. Rxe8+ Kxe8 23. b4 bxa4 24. Kf1 b6 25. cxb6 Rc6 26. Ra1 Rxb6 27. Rxa4 Kd7 28. Ke2 Kc6 29. c4 Kd7 30. Nf5 Rc6 31. b5 Rb6 32. g4 Ke6 33. Ra6 1-0

[Event "Asker CC-ch Class A"]
[Site "Asker"]
[Date "2016.01.25"]
[Round "2"]
[White "Grondahl, Jan Robert"]
[Black "Mikelsen, Mattis"]
[Result "0-1"]
[WhiteElo "997"]
[BlackElo "1108"]
[PlyCount "82"]
[EventDate "2016.01.11"]
[EventType "swiss"]
[EventRounds "9"]
[EventCountry "NOR"]
[SourceTitle "EXT 2024"]
[Source "ChessBase"]
[SourceDate "2023.10.10"]
[SourceVersion "1"]
[SourceVersionDate "2023.10.10"]
[SourceQuality "1"]

1. e4 c5 2. Nf3 Nc6 3. Nc3 Nf6 4. Be2 d6 5. d3 g6 6. 0-0 Bg7 7. h3 0-0 8. Be3 e6 9. Qd2 a6 10. Bh6 d5 11. Bxg7 Kxg7 12. e5 Nd7 13. Qf4 Qc7 14. d4 cxd4 15. Nxd4 Nxd4 16. Qxd4 Qxe5 17. Qxe5+ Nxe5 18. Rfe1 Nc6 19. Rad1 d4 20. Ne4 e5 21. Bf3 f5 22. Nd6 e4 23. Be2 Rd8 24. Nc4 b5 25. Na3 Be6 26. b3 Nb4 27. Ra1 Rac8 28. Bd1 Rc6 29. Re2 Nd5 30. Nb1 d3 31. Rd2 Nc3 32. Nxc3 Rxc3 33. Rc1 Rdc8 34. Kf1 f4 35. Kg1 e3 36. Rxd3 Rxd3 37. Be2 Rd2 38. Bd3 exf2+ 39. Kf1 Rxd3 40. cxd3 Rxc1+ 41. Kxf2 Rc2+ 0-1

[Event "Asker CC-ch Class A"]
[Site "Asker"]
[Date "2016.01.11"]
[Round "1"]
[White "Mikelsen, Mattis"]
[Black "Soyland, Jan"]
[Result "0-1"]
[WhiteElo "1108"]
[BlackElo "1270"]
[PlyCount "94"]
[EventDate "2016.01.11"]
[EventType "swiss"]
[EventRounds "9"]
[EventCountry "NOR"]
[SourceTitle "EXT 2024"]
[Source "ChessBase"]
[SourceDate "2023.10.10"]
[SourceVersion "1"]
[SourceVersionDate "2023.10.10"]
[SourceQuality "1"]

1. e4 e5 2. Nf3 Nc6 3. Bb5 d6 4. d4 exd4 5. Nxd4 Bd7 6. Nc3 Nxd4 7. Bxd7+ Qxd7 8. Qxd4 Ne7 9. Bf4 Nc6 10. Qa4 Be7 11. 0-0-0 f6 12. Qb5 0-0-0 13. Qf5 g6 14. Qxd7+ Rxd7 15. f3 Bf8 16. Nd5 Bg7 17. g4 Rf8 18. Rhe1 Ne5 19. Bxe5 fxe5 20. Rf1 c6 21. Nc3 Bh6+ 22. Kb1 Kd8 23. a3 Ke7 24. h4 Bf4 25. Ne2 Ke6 26. Nxf4+ Rxf4 27. Rd3 d5 28. Rfd1 h5 29. gxh5 gxh5 30. Rg1 Rxh4 31. Rg6+ Kf7 32. Rh6 Rh1+ 33. Ka2 h4 34. Rh7+ Ke8 35. Rh8+ Ke7 36. Rh7+ Kd8 37. Rxd7+ Kxd7 38. exd5 cxd5 39. Rxd5+ Ke6 40. Rd8 Kf5 41. Rf8+ Kg5 42. Kb3 h3 43. Kc3 h2 44. Rh8 Kf4 45. Rh3 Ke3 46. f4+ Kxf4 47. Kd3 Rd1+ 0-1